000 00343nam a2200133 i 4500
001 bg
100 1 _aKAWALEC, Wincenty
245 0 _aSystem władz lokalnych w wybranych krajach europejskich /
_cWincenty Kawalec.
260 _aWarszawa,
_c1979.
040 _cBPK
041 _apol
942 _cKS
008 s pl f |000 0 pol
999 _c10002
_d10002
856 _uhttp://koha.tu.koszalin.pl/cgi-bin/koha/opac-detail.pl?biblionumber=10002
_yKatalog online BPK